000 00560nam a2200193Ia 4500
005 20250508163240.0
008 008 250505s9999 xx 000 0 hin d
037 _aDissertations
040 _aFEDL
_beng
_cFEDL
041 _ahin
_2eng
084 _a371.28, BIS/DI
_qFEDL
100 _aBisht Usha
_9774989
245 0 _aUccha avam nimna uplabhkartao ke vyaktitva ke guno ka addhyan
260 _c1985
300 _a37p.
546 _aM. Ed. Dissertation (Kumau University)
942 _cDIS
_h371.28, BIS/DI
999 _c1381763
_d1381763